000
00328nam a22001457a 4500
005
20160629171932.0
008
160629b xxu||||| |||| 00| 0 eng d
041
_a
eng
082
_b
10882
245
_a
Shivani Engineering Question Bank
260
_b
Shivani
_c
2002
300
_a
234
650
_a
Management
_9
241
942
_c
BK
999
_c
4791
_d
4789